The Mentalist Episode Titles - Statistics

General Stats
  • This quiz has been taken 7 times
  • The average score is 4 of 151
Answer Stats
Hint Answer % Correct
6.8 Red John
100%
6.22 Blue Bird
20%
5.2 Devil's Cherry
20%
1.2 Red Hair and Silver Tape
20%
2.15 Red Herring
20%
1.11 Red John's Friends
20%
5.22 Red John's Rules
20%
3.16 Red Queen
20%
1.3 Red Tide
20%
4.18 Ruddy Cheeks
20%
3.23 Strawberries and Cream: Part 1
20%
3.24 Strawberries and Cream: Part 2
20%
4.15 War of the Roses
20%
7.13 White Orchids
20%
2.21 18-5-4
0%
1.19 A Dozen Red Roses
0%
2.18 Aingavite Baa
0%
4.11 Always Bet On Red
0%
2.9 A Price Above Rubies
0%
4.14 At First Blush
0%
3.8 Ball of Fire
0%
5.18 Behind the Red Curtain
0%
5.9 Black Cherry
0%
2.6 Black Gold and Red Blood
0%
6.21 Black Hearts
0%
6.13 Black Helicopters
0%
7.4 Black Market
0%
6.2 Black-Winged Redbird
0%
2.12 Bleeding Heart
0%
4.7 Blinking Red Light
0%
4.5 Blood and Sand
0%
1.22 Blood Brothers
0%
5.4 Blood Feud
0%
3.14 Blood For Blood
0%
3.12 Bloodhounds
0%
2.14 Blood In, Blood Out
0%
2.19 Blood Money
0%
1.16 Bloodshot
0%
3.11 Bloodsport
0%
3.17 Bloodstream
0%
6.19 Brown Eyed Girls
0%
7.12 Brown Shag Carpet
0%
7.11 Byzantium
0%
3.2 Cackle-bladder Blood
0%
1.17 Carnelian Inc.
0%
4.17 Cheap Burgundy
0%
5.6 Cherry Picked
0%
2.16 Code Red
0%
7.9 Copper Bullet
0%
1.14 Crimson Casanova
0%
5.11 Days of Wine and Roses
0%
3.19 Every Rose Has Its Thorn
0%
6.6 Fire and Brimstone
0%
1.9 Flame Red
0%
6.18 Forest Green
0%
4.10 Fugue In Red
0%
7.6 Green Light
0%
6.10 Green Thumb
0%
6.14 Grey Water
0%
2.8 His Red Right Hand
0%
4.16 His Thoughts Were Red Thoughts
0%
5.7 If It Bleeds, It Leads
0%
6.20 Il Tavolo Bianco
0%
3.10 Jolly Red Elf
0%
1.4 Ladies in Red
0%
3.21 Like a Redheaded Stepchild
0%
4.2 Little Red Book
0%
5.12 Little Red Corvette
0%
7.7 Little Yellow House
0%
1.21 Miss Red
0%
4.12 My Bloody Valentine
0%
6.9 My Blue Heaven
0%
7.1 Nothing But Blue Skies
0%
7.10 Nothing Gold Can Stay
0%
5.3 Not One Red Cent
0%
7.3 Orange Blossom Ice Cream
0%
1.13 Paint it Red
0%
5.10 Panama Red
0%
1.1 Pilot
0%
4.19 Pink CHampagne On Ice
0%
3.6 Pink Chanel Suit
0%
4.8 Pink Tops
0%
4.3 Pretty Red Balloon
0%
3.20 Redacted
0%
3.13 Red Alert
0%
2.20 Red All Over
0%
5.21 Red and Itchy
0%
2.3 Red Badge
0%
1.10 Red Brick and Ivy
0%
2.7 Red Bulls
0%
3.4 Red Carpet Treatment
0%
5.5 Red Dawn
0%
2.1 Redemption
0%
3.15 Red Gold
0%
1.6 Red Handed
0%
3.7 Red Hot
0%
5.14 Red in Tooth and Claw
0%
4.13 Red is the New Black
0%
1.23 Red John's Footsteps
0%
5.15 Red Lacquer Nail Polish
0%
2.22 Red Letter
0%
5.19 Red Letter Day
0%
2.13 Redline
0%
6.4 Red Listed
0%
2.4 Red Menace
0%
3.9 Red Moon
0%
4.23 Red Rover, Red Rover
0%
1.12 Red Rum
0%
5.8 Red Sails in the Sunset
0%
1.20 Red Sauce
0%
2.5 Red Scare
0%
3.1 Red Sky at Night
0%
2.23 Red Sky in the Morning
0%
5.20 Red Velvet Cupcakes
0%
5.17 Red, White and Blue
0%
1.5 Redwood
0%
3.22 Rhapsody in Red
0%
4.4 Ring Around the Rosie
0%
2.11 Rose-Colored Glasses
0%
4.21 Ruby Slippers
0%
1.18 Russet Potatoes
0%
4.1 Scarlet Ribbons
0%
1.15 Scarlett Fever
0%
1.7 Seeing Red
0%
6.17 Silver Wings of Time
0%
4.22 So Long, and Thanks for All the Red Snapper
0%
4.20 Something's Rotten in Redmund
0%
3.3 The Blood on His Hands
0%
4.24 The Crimson Hat
0%
6.1 The Desert Rose
0%
6.12 The Golden Hammer
0%
6.7 The Great Red Dragon
0%
7.2 The Greybar Hotel
0%
5.13 The Red Barn
0%
2.17 The Red Box
0%
5.1 The Red Glass Bead
0%
3.18 The Red Mile
0%
3.5 The Red Ponies
0%
4.9 The Redshirt
0%
6.5 The Red Tattoo
0%
5.16 There Will Be Blood
0%
2.2 The Scarlet Letter
0%
7.5 The Silver Briefcase
0%
7.8 The Whites of His Eyes
0%
1.8 Thin Red Line
0%
2.10 Throwing Fire
0%
6.16 Violets
0%
6.3 Wedding in Red
0%
4.6 Where in the World is Carmine O'Brien?
0%
6.15 White as the Driven Snow
0%
6.11 White Lines
0%
No matching quizzes found
Score Distribution
Percent of People with Each Score
Percentile by Number Answered
Your Score History
You have not taken this quiz